El hombre / (Record no. 111204)

MARC details
000 -LEADER
campo de control de longitud fija 00701nam a2200217 i 4500
001 - NÚMERO DE CONTROL
campo de control 111204
003 - IDENTIFICADOR DE NÚMERO DE CONTROL
campo de control ES-MaACL
005 - FECHA Y HORA DE LA ÚLTIMA TRANSACCIÓN
campo de control 20250730233733.0
007 - CAMPO FIJO DE DESCRIPCIÓN FÍSICA--INFORMACIÓN GENERAL
campo de control de longitud fija t|
008 - DATOS DE LONGITUD FIJA--INFORMACIÓN GENERAL
campo de control de longitud fija 061121s1977 sp r ||||1| spa d
100 1# - ENTRADA PRINCIPAL--NOMBRE DE PERSONA
Nombre de persona Oldenbourg, Lennart.
9 (RLIN) 86692
245 13 - MENCIÓN DEL TÍTULO
Título El hombre /
Mención de responsabilidad, etc. Lennart Oldenbourg ; revisión general y presentación Agustín Pedro Pons ; traducción de Alberto Jornet.
250 ## - MENCION DE EDICION
Mención de edición 2ª. ed.
260 ## - PUBLICACIÓN, DISTRIBUCIÓN, ETC.
Lugar de publicación, distribución, etc. Barcelona :
Nombre del editor, distribuidor, etc. Argos,
Fecha de publicación, distribución, etc. 1977.
300 ## - DESCRIPCIÓN FÍSICA
Extensión 576 p. :
Otras características físicas il. ;
Dimensiones 24 cm.
650 #4 - PUNTO DE ACCESO ADICIONAL DE MATERIA--TÉRMINO DE MATERIA
Término de materia o nombre geográfico como elemento de entrada Medicina-
Subdivisión de forma Enciclopedias.
9 (RLIN) 14899
700 1# - ENTRADA AGREGADA--NOMBRE PERSONAL
Nombre de persona Pedro Pons, A.,
Fechas asociadas al nombre 1898-1971
9 (RLIN) 89929
700 1# - ENTRADA AGREGADA--NOMBRE PERSONAL
Nombre de persona Jornet Cases, A.
9 (RLIN) 66960
852 ## - LOCALIZACIÓN
Ubicación ES-MaACL
Número de control de estantería A-6259
Sublocalización o colección R.95343
Holdings
Estatus retirado Estado de pérdida Estado de daño No para préstamo Biblioteca de origen Biblioteca actual Ubicación en estantería Fecha de adquisición Fuente de adquisición Total de préstamos Signatura topográfica completa Código de barras Visto por última vez Precio de reemplazo Tipo de ítem Koha
        Biblioteca del Ateneo de Madrid Biblioteca del Ateneo de Madrid Sala Pecera Planta 1 17/01/2008     A-6259 1116021 23/02/2023 23/02/2023 Libro impreso